| 000 | 00786nam a22002417a 4500 | ||
|---|---|---|---|
| 001 | 112474 | ||
| 003 | UA-OsUOA | ||
| 005 | 20220501203141.0 | ||
| 007 | ta | ||
| 008 | 20150707b un ||||| |||| 00| 0 ukr d | ||
| 020 | _a5-02-011405-7 | ||
| 040 |
_aUA-OsUOA _brus _cUA-OsUOA _dUA-OsUOA |
||
| 041 | _arus | ||
| 080 | _a82.09(470+571) | ||
| 090 |
_a82.09(470+571) _bЖ86 |
||
| 245 |
_aЖуковский и литература конца XVIII-XIX века _bсборник _cотв. ред. В. Ю. Троицкий |
||
| 260 |
_aМ. _bНаука _c1988 |
||
| 300 | _a320 с. | ||
| 650 | 7 |
_a82.09 Літературна критика. Літературні дослідження _2UDC |
|
| 942 |
_cBK _2udc |
||
| 955 | _a1 | ||
| 999 |
_c398541 _d398541 |
||